Quizzes
Events
Quiz Creation
Community
Videos
Private Events
Remove Ads
Sign In
Join for FREE
Feedback
Dark Mode
Quiz Categories
Sports
Geography
Music
Movies
Television
Just For Fun
Miscellaneous
History
Literature
Language
Science
Gaming
Entertainment
Religion
Holiday
For Kids
Quiz Lab
Recent
Popular Today
Quiz Kudos Today
Editor Picks
Curator Picks
Quizzes by...
Day
Popularity
Type
Ratings
Length
Year
Community
Subscriptions
Recent Discussions
Orange Saloon
Badges
Playlists
Quests
Create
Leaderboards
Showdown
Live 5
Trivia Bingo
Activity
Puzzle Library
Sporcle Events
Private Events
Virtual Trivia
Globe League
Become a Host
Pub Owners
SporcleCon
Opinionation
Our Games
Videos
Blog
Mobile Apps
Partnerships
Remove Ads and Go Orange
Feedback
Movies
Disney
Marvel Cinematic Universe
Movie Resume
Movie Titles
Oscar
Actor
Actress
Director
Pixar
Role
Movie Quotes
Movie Characters
Box Office
Nominee
Best Picture
Star Wars
James Bond
Horror Movies
Movies
Disney
Marvel Cinematic Universe
Movie Resume
Movie Titles
Oscar
Actor
Actress
Director
Pixar
Role
Movie Quotes
Movie Characters
Box Office
Nominee
Best Picture
Star Wars
James Bond
Horror Movies
Random Quiz
Search Sporcle
×
Quiz Lab
Quiz Lab
Movies
Football
Type in answers that appear in a list
Type in answers that appear in a list
Classic
Best Score? Go Orange.
The Guardian Top 100 Movies Stats
Can you name the The Guardian Top 100 Movies?
By
Tom_W_12321
12m
100 Questions
423 Plays
423 Plays
423 Plays
Comments
Comments
Give Quiz Kudos
Give Quiz Kudos
-
- Ratings
hide this ad
More Info
Replay
Link that replays current quiz
Next Quiz
Link to next quiz in quiz playlist
You Got
0%
They Got
Avg Score
28%
Avg Friend Score
Upgrade to see
Score Distribution
Jump to the score distribution portion of the page
Score
0/100
Timer
12:00
1
Play Today
Position
Movie
% Correct
2
The Godfather (and part 2)
93.4%
4
Pulp Fiction
71.9%
16
Casablanca
71.4%
3
The Shawshank Redemption
69.7%
9
Schindlers List
67.8%
19
Citizen Kane
65.2%
32
Gone With the Wind
65%
54
Titanic
63.6%
10
Goodfellas
63.4%
20
Raging Bull
63.4%
21
E.T: The Extra Terrestrial
63.4%
12
Psycho
62.6%
1
The Empire Strikes Back
61.5%
11
Jaws
61.5%
6
Gladiator
57.9%
13
Apocalypse Now
57.2%
22
Taxi Driver
55.6%
26
The Wizard of Oz
55.6%
29
Vertigo
55.1%
14
One Flew Over the Cuckoo's Nest
53%
27
2001: A Space Oydssey
48.9%
7
Its a Wonderful Life
48.5%
8
Blade Runner
47.5%
5
Some Like it Hot
46.6%
37
The Silence of the Lambs
44.7%
15
The Matrix
44%
30
Lawrence of Arabia
44%
36
Alien
42.3%
35
The Graduate
42.1%
40
Toy Story
42.1%
43
The Sound of Music
38.8%
56
Dr Strangelove
38.8%
46
The Good the Bad and the Ugly
38.1%
50
Annie Hall
36.9%
Position
Movie
% Correct
48
Chinatown
35.5%
24
Singin' in the rain
33.6%
17
The Usual Suspects
33.3%
98
Terminator
31.7%
77
Three Colours Trilogy
31%
60
Butch Cassidy and the Sundance Kid
30.5%
31
Fargo
29.8%
52
Sunset Boulevard
29.3%
74
The French Connection
29.3%
67
King Kong
27.7%
58
Seven Samurai
27.4%
69
The Searchers
27.4%
25
L.A Confidential
26.2%
41
The Third Man
26%
64
Spartacus
25.8%
66
Bonnie and Clyde
25.3%
65
Metropolis
25.1%
81
The Gold Rush
21.5%
82
High Noon
20.3%
39
The Great Escape
18.9%
90
The General
18.9%
78
Cabaret
18.7%
18
Crouching Tiger, Hidden Dragon
18.4%
80
Snow White and the Seven Dwarfs
18%
94
Easy Rider
17.7%
100
Do the Right Thing
17.3%
62
Blue Velvet
17%
73
M.A.S.H.
15.6%
79
Goldfinger
15.6%
89
African Queen
15.1%
63
La Dolce Vita
13.5%
33
Trainspotting
13.2%
57
Rebel Without a Cause
12.8%
97
The Bride of Frankenstein
12.5%
Position
Movie
% Correct
70
The Seventh Seal
12.3%
23
Life of Brian
11.8%
45
Deliverance
11.6%
84
The Adventures of Robin Hood
9.5%
86
Breathless
9.2%
72
Brief Encounter
8.3%
38
Withnail and I
6.9%
42
Four Weddings and a Funeral
6.9%
53
The Jungle Book
6.9%
28
Kes
6.6%
34
The Full Monty
6.4%
47
Kind Hearts and Coronets
6.4%
51
The Italian Job
6.1%
71
Don't look Now
6.1%
61
Secrets and Lies
5.4%
59
A Matter of Life and Death
5.2%
75
Top Hat
5.2%
83
Saturday Night Fever
5.2%
76
The Producers
4.3%
91
A Hard Day's Night
4.3%
55
Jean de Florette
4%
68
Get Carter
4%
44
Fitzcarraldo
3.5%
93
Henry V
3.5%
96
Belle De Jour
3.5%
95
My Beautiful Laundrette
3.1%
99
Saturday Night Sunday Morning
3.1%
49
The Excorcist
2.4%
88
Battleship Potenkim
2.4%
85
Enter the Dragon
2.1%
92
Way Out West
1.9%
87
Ice Cold in Alex
0.9%
Quiz Playlist
Details
Report
Send in Message
Add To Playlist
More Info:
Guess the top 100 films according to the Guardian newspaper
Classic:
Type in answers that appear in a list
Quiz Source
Last Updated: Feb 16, 2017
Quiz Scoreboard
CHALLENGE
Sign Up to Join the Scoreboard
Show All
Scores
Hide
Comments
May contain spoilers
Recently Published
9x9 Crossword: Cartoon Network
by jackfrog10
Miscellaneous
3m
College Basketball Coaching Resumes
by pancakes188
Sports
9m
Billboard Blitz: Fleetwood Mac
by CooCooCachoo
Music
15s
More to Explore
Quiz From the Vault
Featured Blog Post
Where Did the Easter Bunny Come From?
hide this ad
You Might Also Like...
Tags
Football Quiz
100
Guardian
release
The Guardian
Top 100
Today's Top Quizzes in Movies
Browse Movies
hide this ad
Today's Top Quizzes in Football
Browse Football
Top Contributed Quizzes in Movies
1
Pick 5 Posters: Directed by Spielberg
2
7-to-1: Pixar Characters
3
Pick 5 Posters: Lowest-Rated Spielberg
4
Sorting Actors
5
Sorting Actresses
6
Pick 5 Posters: Directed by Scorsese
7
Pick 5 Posters: Star & Director
8
Pick 5 Posters: Women Directed 2020s
9
12 Movies about Fictional 1960s Events
10
Multi-Oscar Nominations, One Movie, One Winner
Explore More
Trending Topics
Crossword
Marvel
Disney
Harry Potter
Anime
NBA
Kpop
Country
NFL
WWE
The Office
Soccer
Song
Pokémon
Puzzle
hide this ad
More By:
Tom_W_12321
Quiz
Plays
Rating
Category
Featured
Created
All Time Premier League Football Grounds
7,791
3.43
Sports
Jan 28, 2010
middlesbrough fc top transfers
1,236
2.60
Sports
May 12, 2010
Argentina 2010 World Cup Squad
1,214
4.80
Sports
Jun 1, 2010
capped England footballers 2000-2010
1,066
5.00
Sports
Jan 31, 2010
Brazil 2010 World Cup Squad
1,034
3.80
Sports
Jun 1, 2010
Go to Creator's Profile
Score Distribution
Quiz Creator Spotlight
Tom_W_12321
Follow
Send a Message
Quizzes Created
-
Created Quiz Play Count
-
More By This Creator
Popular Quizzes Today
1
Find the US States - No Outlines Minefield
2
Find the Countries of Europe - No Outlines Minefield
3
The Countries of the World
4
Find the US States
5
Risky Map Clicking: Biggest States A-Z
6
US States
7
Popular People in 1961
8
Movies - When Are They Set?
More Movies Quizzes
Follow That Line - LotR: The Two Towers
Curator's Pick
Trending Quizzes
Risky Map Clicking: Least Populous States A-Z
1-10 Letter G Words
1-10 Letter F Words
Risky Map Clicking: Next State Alphabetically
Adjectives in 80s TV Shows
Recently Updated
Leaping Animals
pecheneg
Reality TV Shows (A-Z)
bhenderson79
Rickey Henderson's Hall of Fame Teammates
pecheneg
Champions League XIs: Arsenal
pecheneg
Quick Pick: Celebrities in WWE's Hall of Fame
aduchscher
A-Z Keypad Blitz II
pecheneg
Multiple Oscar Actors
pecheneg
Mystery Phrase Blitz: Oscar 'Best Actors'
pecheneg
F. Scott Fitzgerald Novels
LTH
Pick 3 Villains
ddd62291
Trending Topics
Crossword
NBA
Kpop
Anime
Marvel
Harry Potter
Disney
Soccer
Song
The Office
WWE
Country
NFL
Puzzle
Pokémon
Your Account Isn't Verified!
In order to create a playlist on Sporcle, you need to verify the email address you used during registration. Go to your
Sporcle Settings
to finish the process.
Report this User
Report this user for behavior that violates our
Community Guidelines
.
Details:
Send Report
Go to the Sporcle.com Mobile Site →
Comments